Regionální aspekty makroekonomických ukazatelů - agregáty regionálních účtů

Regionálne účty. Obsah kapitoly 13. ESA 1995. Implementácia regionálnych účtov v Českej republike. Prvá etapa zavádzania regionalizácie HDP v Čechách. Druhá etapa implementácie - zdokonalenie odhadov HPH. Tretia etapa implementácie regionálnych účtov - ďalšie makroekonomické agregáty. Potreba makroe...

Ausführliche Beschreibung

Gespeichert in:
Bibliographische Detailangaben
1. Verfasser: Chlad, Miloslav
Format: Buchkapitel
Sprache:Tschechisch
Schlagworte:
Tags: Tag hinzufügen
Keine Tags, Fügen Sie das erste Tag hinzu!

MARC

LEADER 00000naa$a2200000$$$4500
001 0089824
005 20231013082021.6
041 0 |a cze 
044 |a CZ 
245 1 0 |a Regionální aspekty makroekonomických ukazatelů - agregáty regionálních účtů  |c Miloslav Chlad 
520 |a Regionálne účty. Obsah kapitoly 13. ESA 1995. Implementácia regionálnych účtov v Českej republike. Prvá etapa zavádzania regionalizácie HDP v Čechách. Druhá etapa implementácie - zdokonalenie odhadov HPH. Tretia etapa implementácie regionálnych účtov - ďalšie makroekonomické agregáty. Potreba makroekonomických indikátorov pre riadenie v regiónoch. 
610 2 0 |a účty 
610 2 0 |a regióny 
610 2 0 |a regionalizácia 
610 2 0 |a produkt domáci hrubý 
610 2 0 |a ukazovatele makroekonomické 
610 2 0 |a Česko 
100 1 |a Chlad, Miloslav